000 00738cab a2200241 4500
001 WB3427-07
008 090401t1998 xxu||||| |||| 00| 0 eng d
035 _a(Sirsi) u87403
041 _aeng
245 _aRandom L-tests
260 _c1998
350 _a0
490 _aBuilding
_v263(8047) 10 July 1998, 7(1)
520 _aA DETR-sponsored discussion paper proposes random environmental testing on new houses to toughen up part L of the Building Regulations.
650 _aAIR POLLUTION
650 _aBUILDING REGULATIONS PART L
650 _aCARBON DIOXIDE EMISSIONS
650 _aENVIRONMENTAL TESTING
650 _aNEW HOUSES
690 _aBUILDING AND CONSTRUCTION-REGULATIONS
942 _n0
948 _c14/07/1998
999 _c55115
_d55115